Valuation on Quarterly in Advance Basis and True Equivalent Yield (TEY): a CPD study pack. (Record no. 105049)

MARC details
000 -LEADER
fixed length control field 01500cam a2200265 4500
001 - CONTROL NUMBER
control field E132170
008 - FIXED-LENGTH DATA ELEMENTS--GENERAL INFORMATION
fixed length control field #DATE n2005 000 0 eng u
020 ## - INTERNATIONAL STANDARD BOOK NUMBER
International Standard Book Number 1904388434
035 ## - SYSTEM CONTROL NUMBER
System control number (Sirsi) u132170
041 ## - LANGUAGE CODE
Language code of text/sound track or separate title eng
100 ## - MAIN ENTRY--PERSONAL NAME
Personal name Banfield, Anthony
245 ## - TITLE STATEMENT
Title Valuation on Quarterly in Advance Basis and True Equivalent Yield (TEY): a CPD study pack.
260 ## - PUBLICATION, DISTRIBUTION, ETC.
Place of publication, distribution, etc. Reading
Name of publisher, distributor, etc. College of Estate Management
Date of publication, distribution, etc. 2005
350 ## - PRICE (NR) (BK AM CF MU VM SE) [OBSOLETE]
Price 60
490 ## - SERIES STATEMENT
Series statement College of Estate Management CPD Study Pack
520 ## - SUMMARY, ETC.
Summary, etc. Traditional valuation methods have tended to be based on the concept of income being received annually in arrears, irrespective of the fact that it is most commonly paid quarterly in advance by tenants. This study pack looks at the method of valuation to fully take into account the actual frequency of income being received. It introduces the concept of valuing the True Equivalent Yield (TEY) and compares it with Notional Yield and has an instructional video presentation explaining these concepts, together with examples to calculate. For the more mathematically minded, it also has a section which explains the maths behind the calculations.
520 ## - SUMMARY, ETC.
Summary, etc. Accompanied by a cd "Valuation on Quarterly in Advance Basis and True Equivalent Yield"
590 ## - LOCAL NOTE (RLIN)
Local note IKA280306
650 ## - SUBJECT ADDED ENTRY--TOPICAL TERM
Topical term or geographic name entry element QUARTERLY IN ADVANCE
650 ## - SUBJECT ADDED ENTRY--TOPICAL TERM
Topical term or geographic name entry element TRUE EQUIVALENT YIELD
690 ## - LOCAL SUBJECT ADDED ENTRY--TOPICAL TERM (OCLC, RLIN)
Topical term or geographic name as entry element PROPERTY-PROPERTY VALUATION AND APPRAISAL
710 ## - ADDED ENTRY--CORPORATE NAME
Corporate name or jurisdiction name as entry element College of Estate Management
9 (RLIN) 400
942 ## - ADDED ENTRY ELEMENTS (KOHA)
Suppress in OPAC 0
Holdings
Withdrawn status Lost status Source of classification or shelving scheme Damaged status Not for loan Home library Current library Shelving location Date acquired Cost, normal purchase price Total Checkouts Full call number Barcode Date last seen Date last checked out Copy number Cost, replacement price Price effective from Koha item type
    Dewey Decimal Classification     London London Enquiry desk 11/04/2006 60.00 19 BASEMENT 6 30072922 06/08/2019 15/09/2009 5 60.00 06/08/2019 Audio
    Dewey Decimal Classification     London London Enquiry desk 11/04/2006 60.00 14 BASEMENT 6 30072923 06/08/2019 27/03/2009 6 60.00 06/08/2019 Audio